METHODS OF WORKING METALS (Record no. 8584)

MARC details
000 -LEADER
fixed length control field 00388nam a22001577a 4500
005 - DATE AND TIME OF LATEST TRANSACTION
control field 20240902102930.0
008 - FIXED-LENGTH DATA ELEMENTS--GENERAL INFORMATION
fixed length control field 240830b |||||||| |||| 00| 0 eng d
041 ## - LANGUAGE CODE
Language code of text/sound track or separate title eng
082 ## - DEWEY DECIMAL CLASSIFICATION NUMBER
Classification number 622.335 KAN
100 ## - MAIN ENTRY--AUTHOR NAME
Personal name KANNAVENA, SRAVANA KUMAR
245 ## - TITLE STATEMENT
Title METHODS OF WORKING METALS
260 ## - PUBLICATION, DISTRIBUTION, ETC. (IMPRINT)
Place of publication HYDERABAD
Name of publisher PLANET PUBLISHING HOUSE
300 ## - PHYSICAL DESCRIPTION
Number of Pages 3.38,P
650 ## - SUBJECT ADDED ENTRY--TOPICAL TERM
Topical Term MINING
942 ## - ADDED ENTRY ELEMENTS (KOHA)
Koha item type Books
Holdings
Lost status Damaged status Collection code Home library Current library Shelving location Date acquired Source of acquisition Cost, normal purchase price Full call number Accession Number Koha item type
    Reference JRU Library JRU Library SHELF-7-H 30/08/2024 PURCHASE 185.00 622.335 KAN 28303 Books
    MINING JRU Library JRU Library SHELF-100-B 30/08/2024 PURCHASE 185.00 622.335 KAN 28304 Books
    MINING JRU Library JRU Library SHELF-100-B 30/08/2024 PURCHASE 185.00 622.335 KAN 28305 Books
    MINING JRU Library JRU Library SHELF-100-B 30/08/2024 PURCHASE 185.00 622.335 KAN 28306 Books
    MINING JRU Library JRU Library SHELF-100-B 30/08/2024 PURCHASE 185.00 622.335 KAN 28307 Books